[Event "40th World U20 ch"]
[Site "Peristeri GRE"]
[Date "2001.08.21"]
[Round "6.16"]
[White "Khamzin, Olzhas"]
[Black "Schenk, Andreas"]
[Result "1-0"]
[WhiteElo "2223"]
[BlackElo "2455"]
[EventDate "2001.08.16"]
[PlyCount "163"]

1.d4 Nf6 2.c4 e6 3.Nc3 Bb4 4.e3 O-O 5.Bd3 c5 6.Nf3 d5 7.O-O cxd4 8.exd4 
dxc4 9.Bxc4 b6 10.Qd3 Bb7 11.Bg5 Be7 12.Rfe1 Nc6 13.Rad1 Nb4 14.Qe2 Rc8 
15.Ne5 Nbd5 16.Bd2 Qd6 17.Bd3 Nb4 18.Bb1 a6 19.Bf4 Qd8 20.Bg5 Nbd5 21.Rd3 
Qd6 22.Rh3 g6 23.Bh6 Rfe8 24.Rg3 Bf8 25.Bxf8 Rxf8 26.Ne4 Qb4 27.Ng5 Nf4 
28.Qd1 Qxd4 29.Qxd4 Ne2+ 30.Kf1 Nxd4 31.Rd3 Nf5 32.g4 Ng7 33.Rd6 b5 34.
Ngxf7 Nge8 35.Rb6 Rc7 36.Nd8 Bd5 37.Nxe6 Bxe6 38.Rxe6 a5 39.g5 Nh5 40.Nxg6
hxg6 41.Rxe8 Rxe8 42.Rxe8+ Kf7 43.Re1 Rc5 44.h4 Nf4 45.Kg1 Rd5 46.Bc2 Rd2 
47.Bb3+ Kf8 48.Re3 Ne2+ 49.Kg2 Nd4 50.Re4 a4 51.Bd5 Nf5 52.Bc6 Rxb2 53.h5 
Ne7 54.Rf4+ Kg8 55.Bd7 gxh5 56.Kg3 Kg7 57.Be8 h4+ 58.Kg4 Re2 59.Bxb5 Rxa2 
60.Bc4 Rc2 61.Rf7+ Kh8 62.Be6 Ng6 63.Kh5 Rc6 64.Bf5 Ne5 65.Re7 Nf3 66.g6 
Nd4 67.Be4 Re6 68.Rh7+ Kg8 69.Bd5 Kf8 70.Bxe6 Nxe6 71.Kxh4 a3 72.Ra7 a2 
73.Rxa2 Kg7 74.Ra6 Nc5 75.Rc6 Ne4 76.f4 Kh6 77.f5 Nd2 78.Kg4 Nf1 79.Rc3 
Nd2 80.Rh3+ Kg7 81.Rh7+ Kf8 82.f6 1-0

[Event "40th World U20 ch"]
[Site "Peristeri GRE"]
[Date "2001.08.21"]
[Round "6.18"]
[White "Erturan, Yakup"]
[Black "Mastrovasilis, Dimitrios"]
[Result "1/2-1/2"]
[WhiteElo "2211"]
[BlackElo "2436"]
[EventDate "2001.08.16"]
[PlyCount "142"]

1.e4 c5 2.Nf3 e6 3.d4 cxd4 4.Nxd4 Nc6 5.Nb5 d6 6.c4 Nf6 7.N1c3 a6 8.Na3 b6
9.Be2 Bb7 10.Be3 Ne5 11.f3 Be7 12.O-O O-O 13.Qb3 Ned7 14.Rfd1 Qc7 15.Rac1 
Rac8 16.Bf1 Rfe8 17.Kh1 Kh8 18.Ne2 Rg8 19.Bd4 g5 20.g4 h5 21.h3 Kg7 22.Qe3
Rh8 23.Kg2 Rcg8 24.Ng3 Kf8 25.Be2 Rh7 26.Nb1 Rgh8 27.Rh1 Ba8 28.Nd2 Qb8 
29.b4 Ne5 30.Bxe5 dxe5 31.c5 bxc5 32.bxc5 hxg4 33.hxg4 Rxh1 34.Nxh1 Bc6 
35.Nf2 Nd7 36.Nb3 Qc7 37.Bxa6 Kg7 38.Be2 Ra8 39.Rc2 Nf8 40.Nh3 Ng6 41.Bf1 
Ra4 42.Kg1 Qa7 43.Qd2 Qa8 44.Be2 Ra3 45.Kf1 Qh8 46.Ng1 Nf4 47.Qe3 Qh1 48.
Qf2 Bd8 49.Qg3 Bc7 50.Bc4 Qh8 51.Ne2 Qh1+ 52.Ng1 Qh8 53.Ne2 Nxe2 54.Kxe2 
Qa8 55.Qe1 Ra4 56.Kf2 Rxc4 57.Rxc4 Qxa2+ 58.Qd2 Qxb3 59.Qxg5+ Kf8 60.Rc1 
Qd3 61.Rh1 Ke8 62.Qf6 Qd2+ 63.Kg1 Qc1+ 64.Kg2 Qd2+ 65.Kg1 Qf4 66.Rh8+ Kd7 
67.Qxf4 exf4 68.Rf8 Ke7 69.Rc8 Kd7 70.Rf8 Ke7 71.Rc8 Kd7 1/2-1/2

[Event "40th World U20 ch"]
[Site "Peristeri GRE"]
[Date "2001.08.21"]
[Round "6.20"]
[White "Alvarez Marquez, Johann"]
[Black "Cernousek, Lukas"]
[Result "1/2-1/2"]
[WhiteElo "2382"]
[BlackElo "2262"]
[EventDate "2001.08.16"]
[PlyCount "20"]

1.d4 Nf6 2.c4 g6 3.Nc3 Bg7 4.Bg5 d6 5.e3 Nbd7 6.Be2 c6 7.Nf3 h6 8.Bh4 O-O 
9.O-O e5 10.Qc2 g5 1/2-1/2

[Event "40th World U20 ch"]
[Site "Peristeri GRE"]
[Date "2001.08.21"]
[Round "6.21"]
[White "Bunzmann, Dimitrij"]
[Black "Karakehajov, Kalin"]
[Result "1-0"]
[WhiteElo "2509"]
[BlackElo "2316"]
[EventDate "2001.08.16"]
[PlyCount "59"]

1.d4 d5 2.c4 e6 3.Nc3 c6 4.e4 dxe4 5.Nxe4 Bb4+ 6.Bd2 Qxd4 7.Bxb4 Qxe4+ 8.
Ne2 Na6 9.Bf8 Qe5 10.Qd2 Qf6 11.Bd6 Ne7 12.Ng3 Nf5 13.Nxf5 Qxf5 14.O-O-O 
f6 15.Bd3 Qh5 16.g4 Qf7 17.f4 b6 18.Rhe1 Bd7 19.c5 Nxc5 20.Bc4 O-O-O 21.
Bxc5 bxc5 22.Ba6+ Kc7 23.Qa5+ Kb8 24.Re3 e5 25.Rb3+ Qxb3 26.axb3 exf4 27.
Qxc5 Bc8 28.Qb4+ Ka8 29.Rxd8 Rxd8 30.Qe7 1-0

[Event "40th World U20 ch"]
[Site "Peristeri GRE"]
[Date "2001.08.21"]
[Round "6.22"]
[White "Zambrana, Oswaldo"]
[Black "Vajda, Levente"]
[Result "1-0"]
[WhiteElo "2301"]
[BlackElo "2507"]
[EventDate "2001.08.16"]
[PlyCount "79"]

1.e4 e5 2.Nf3 d6 3.d4 exd4 4.Nxd4 Nf6 5.Nc3 Be7 6.Bd3 O-O 7.O-O Nc6 8.Nxc6
bxc6 9.f4 Re8 10.Qf3 Rb8 11.b3 Nd7 12.Bb2 Nc5 13.Rad1 Nxd3 14.cxd3 d5 15.
Rfe1 Bc5+ 16.d4 Bb4 17.exd5 h5 18.Qxh5 Rxe1+ 19.Rxe1 g6 20.Qe5 Bf5 21.dxc6
f6 22.Qe3 Qd6 23.Kh1 Qxc6 24.d5 Qa6 25.h3 Kf7 26.Qd4 c5 27.dxc6 Qxc6 28.
Re3 Rb6 29.Ne4 Bf8 30.Kh2 Bh6 31.Ng3 Qd6 32.Nxf5 Qxf4+ 33.Kg1 gxf5 34.Qd5+
Kg6 35.Qg8+ Kh5 36.Qf7+ Kg5 37.Rf3 Qd2 38.h4+ Kg4 39.Qg6+ Bg5 40.Qxf5+ 1-0

[Event "40th World U20 ch"]
[Site "Peristeri GRE"]
[Date "2001.08.21"]
[Round "6.23"]
[White "Horvath, Adam"]
[Black "Franco Alonso, Alejandro"]
[Result "1/2-1/2"]
[WhiteElo "2504"]
[BlackElo "2332"]
[EventDate "2001.08.16"]
[PlyCount "101"]

1.e4 c5 2.Nf3 e6 3.d4 cxd4 4.Nxd4 Nf6 5.Nc3 d6 6.Be3 a6 7.f3 b5 8.Qd2 Nbd7
9.g4 Nb6 10.O-O-O Nfd7 11.Bg5 Qc7 12.Ndxb5 axb5 13.Nxb5 Qb8 14.Nxd6+ Bxd6 
15.Qxd6 Qxd6 16.Rxd6 Rxa2 17.Kb1 Ra8 18.Bb5 Rb8 19.Rhd1 f6 20.Be3 Ke7 21.
Rc6 Nd5 22.exd5 Rxb5 23.dxe6 Ne5 24.Bc5+ Rxc5 25.Rxc5 g5 26.c4 Kxe6 27.Rc7
Ba6 28.b3 Rb8 29.Kc2 Bb7 30.Ra1 Nxf3 31.Ra7 Be4+ 32.Kc3 Ke5 33.Rf7 Rb6 34.
h3 Nd4 35.Ra5+ Ke6 36.Kxd4 Kxf7 37.Kxe4 Rxb3 38.c5 Rxh3 39.c6 Rc3 40.Kd5 
Rd3+ 41.Kc5 Ke6 42.Ra8 Rc3+ 43.Kb6 f5 44.gxf5+ Kxf5 45.c7 g4 46.Ra5+ Ke6 
47.Kb7 Rb3+ 48.Kc6 Rc3+ 49.Kb7 Rb3+ 50.Kc6 Rc3+ 51.Kb7 1/2-1/2

[Event "40th World U20 ch"]
[Site "Peristeri GRE"]
[Date "2001.08.21"]
[Round "6.24"]
[White "Guidarelli, Laurent"]
[Black "Bakre, Tejas"]
[Result "0-1"]
[WhiteElo "2323"]
[BlackElo "2463"]
[EventDate "2001.08.16"]
[PlyCount "104"]

1.e4 c5 2.Nc3 Nc6 3.f4 g6 4.Nf3 Bg7 5.Bc4 e6 6.f5 Nge7 7.fxe6 fxe6 8.d3 d5
9.Bb3 b5 10.O-O c4 11.exd5 exd5 12.dxc4 dxc4 13.Qxd8+ Nxd8 14.Nxb5 cxb3 
15.Nc7+ Kd7 16.Nxa8 bxc2 17.Rf2 Bb7 18.Rxc2 Bxa8 19.Bf4 Ne6 20.Rd1+ Nd5 
21.Bg3 Rf8 22.h3 Rf5 23.Re2 Nf4 24.Bxf4 Rxf4 25.Ne5+ Kd6 26.Nd3 Rd4 27.Nf2
Nf4 28.Red2 Ke6 29.g3 Rxd2 30.Rxd2 Nh5 31.g4 Nf4 32.h4 h5 33.gxh5 gxh5 34.
b3 Bd4 35.Kh2 Be5 36.Kg1 Ng6 37.Nd3 Bd6 38.Re2+ Kd7 39.Kf2 Bd5 40.Re1 Nxh4
41.Ne5+ Kc7 42.Rc1+ Kb7 43.Rd1 Bc5+ 44.Kg3 Nf5+ 45.Kf4 Ne3 46.Rd3 Ng2+ 47.
Kf5 h4 48.Rh3 Be6+ 49.Kxe6 Nf4+ 50.Kf5 Nxh3 51.Kg4 Ng1 52.Kxh4 Ne2 0-1

[Event "40th World U20 ch"]
[Site "Peristeri GRE"]
[Date "2001.08.21"]
[Round "6.25"]
[White "Zufic, Miroslav"]
[Black "Berkvens, Joost"]
[Result "1/2-1/2"]
[WhiteElo "2289"]
[BlackElo "2444"]
[EventDate "2001.08.16"]
[PlyCount "88"]

1.e4 c5 2.Nf3 d6 3.d4 cxd4 4.Nxd4 Nf6 5.Nc3 Nc6 6.f3 e6 7.Be3 Be7 8.Qd2 
O-O 9.g4 d5 10.g5 Nxd4 11.Qxd4 Nh5 12.exd5 Bxg5 13.Bxg5 Qxg5 14.Rg1 Qh6 
15.d6 Bd7 16.Bd3 f5 17.Ne2 e5 18.Qh4 Kh8 19.Rg5 Nf4 20.Qxh6 gxh6 21.Rg3 
Nxd3+ 22.cxd3 Rf6 23.f4 exf4 24.Nxf4 Rxd6 25.Kd2 Rd4 26.Rf1 Rc8 27.Re3 Rb4
28.b3 Rg8 29.Re7 Rg7 30.Re3 a5 31.Nd5 Rh4 32.Rf2 Rf7 33.Nf4 Kg7 34.h3 Bc6 
35.Re6 Rd7 36.Ke3 Kf7 37.Re5 Kf6 38.Rxa5 Re7+ 39.Kd2 Kg5 40.Ng2 Rxh3 41.
Raxf5+ Kg4 42.R5f4+ Kg5 43.Rf5+ Kg4 44.R5f4+ Kg5 1/2-1/2

[Event "40th World U20 ch"]
[Site "Peristeri GRE"]
[Date "2001.08.21"]
[Round "6.28"]
[White "Tsiamis, Konstantinos"]
[Black "Potkin, Vladimir"]
[Result "1/2-1/2"]
[WhiteElo "2217"]
[BlackElo "2530"]
[EventDate "2001.08.16"]
[PlyCount "53"]

1.e4 e6 2.d4 d5 3.Nd2 Nf6 4.e5 Nfd7 5.Bd3 c5 6.c3 Nc6 7.Ne2 cxd4 8.cxd4 f6
9.exf6 Nxf6 10.Nf3 Qc7 11.O-O Bd6 12.Bg5 O-O 13.Bh4 Nh5 14.Qc2 h6 15.Bh7+ 
Kh8 16.Bg6 Rxf3 17.gxf3 Bxh2+ 18.Kh1 Nf4 19.Ng3 Bxg3 20.fxg3 Nxg6 21.Qxg6 
Bd7 22.Bf6 gxf6 23.Qxh6+ Kg8 24.Qg6+ Kf8 25.Qxf6+ Kg8 26.Qg6+ Kf8 27.Qf6+ 
1/2-1/2

[Event "40th World U20 ch"]
[Site "Peristeri GRE"]
[Date "2001.08.21"]
[Round "6.32"]
[White "Mafra, Kaiser Luiz"]
[Black "Deseatnicov, Ivan"]
[Result "0-1"]
[WhiteElo "2063"]
[BlackElo "2309"]
[EventDate "2001.08.16"]
[PlyCount "50"]

1.e4 e5 2.Nf3 Nc6 3.Bc4 Nf6 4.O-O Nxe4 5.Nc3 Nxc3 6.dxc3 Be7 7.Qd5 O-O 8.
Nxe5 Nxe5 9.Qxe5 Bf6 10.Qg3 d5 11.Bd3 c5 12.c4 Be6 13.cxd5 Qxd5 14.Re1 
Rad8 15.Bf4 Bxb2 16.Qh4 Bf5 17.Rad1 Bf6 18.c4 Qxd3 19.Qh5 Bg6 20.Rxd3 Bxh5
21.Rxd8 Rxd8 22.Bd6 b6 23.Be7 Rd1 24.Rxd1 Bxd1 25.Bd6 a6 0-1

[Event "40th World U20 ch"]
[Site "Peristeri GRE"]
[Date "2001.08.21"]
[Round "6.41"]
[White "Georgiou, Konstantinos"]
[Black "Gengler, Pierre"]
[Result "1-0"]
[WhiteElo "2142"]
[BlackElo "2023"]
[EventDate "2001.08.16"]
[PlyCount "53"]

1.e4 e6 2.d4 c5 3.c3 d5 4.e5 Qb6 5.Nf3 Nc6 6.Bd3 Bd7 7.O-O cxd4 8.cxd4 
Nge7 9.Nc3 g6 10.Bg5 Nf5 11.Bxf5 gxf5 12.Bf6 Rg8 13.Ng5 h6 14.Nxf7 Kxf7 
15.Qh5+ Rg6 16.Ne2 Be8 17.Nf4 Kg8 18.Nxg6 Qxd4 19.Rad1 Qb6 20.Rd3 Bg7 21.
Rg3 Qc7 22.Qh4 Bxg6 23.Rxg6 Nxe5 24.Rxg7+ Qxg7 25.Bxg7 Kxg7 26.Qg3+ Ng6 
27.Qc7+ 1-0

[Event "40th World U20 ch"]
[Site "Peristeri GRE"]
[Date "2001.08.23"]
[Round "7.2"]
[White "Gagunashvili, Merab"]
[Black "Navara, David"]
[Result "1/2-1/2"]
[WhiteElo "2445"]
[BlackElo "2491"]
[EventDate "2001.08.16"]
[PlyCount "68"]

1.d4 Nf6 2.c4 g6 3.Nf3 Bg7 4.g3 d5 5.Bg2 dxc4 6.Na3 c5 7.O-O Nc6 8.dxc5 
Qa5 9.Nd4 O-O 10.Be3 Ng4 11.Nxc6 bxc6 12.Nxc4 Qa6 13.Rc1 Be6 14.Qc2 Nxe3 
15.Nxe3 Qxa2 16.b4 Qa6 17.Nc4 Rab8 18.Na5 Rfc8 19.Rfd1 Bf6 20.Rb1 Rc7 21.
e4 Qc8 22.f4 Bg4 23.Rd2 Rd7 24.Kh1 e5 25.Rd6 Rxd6 26.cxd6 c5 27.b5 Bd7 28.
Bf1 Bd8 29.Nc6 Bxc6 30.bxc6 Rxb1 31.Qxb1 Qxc6 32.Qb8 Qxe4+ 33.Kg1 Qe3+ 34.
Kh1 Qf3+ 1/2-1/2

[Event "40th World U20 ch"]
[Site "Peristeri GRE"]
[Date "2001.08.23"]
[Round "7.4"]
[White "Sargissian, Gabriel"]
[Black "Aronian, Levon"]
[Result "1/2-1/2"]
[WhiteElo "2514"]
[BlackElo "2562"]
[EventDate "2001.08.16"]
[PlyCount "24"]

1.e4 e5 2.Nf3 Nc6 3.Bb5 Nf6 4.O-O Nxe4 5.d4 Nd6 6.Bxc6 dxc6 7.dxe5 Nf5 8.
Qxd8+ Kxd8 9.Nc3 Ke8 10.h3 Be6 11.b3 Bb4 12.Bb2 Bxc3 1/2-1/2

[Event "40th World U20 ch"]
[Site "Peristeri GRE"]
[Date "2001.08.23"]
[Round "7.5"]
[White "Shaposhnikov, Evgeny"]
[Black "Stryjecki, Marek"]
[Result "1-0"]
[WhiteElo "2519"]
[BlackElo "2441"]
[EventDate "2001.08.16"]
[PlyCount "85"]

1.e4 e6 2.d3 d5 3.Nd2 Nc6 4.Ngf3 Nf6 5.c3 Be7 6.e5 Nd7 7.d4 f6 8.exf6 Bxf6
9.Bb5 O-O 10.O-O a6 11.Bxc6 bxc6 12.Re1 c5 13.Rxe6 cxd4 14.cxd4 Nb6 15.Re3
Bg4 16.Qe1 Qd7 17.b3 c5 18.Bb2 Rfc8 19.Ne5 Bxe5 20.Rxe5 c4 21.Qe3 Rc7 22.
Re1 Qf7 23.Ba3 c3 24.Nb1 c2 25.Nc3 Rac8 26.Bc5 Nd7 27.Re7 Qxe7 28.Bxe7 
Rxc3 29.Qc1 Re8 30.Ba3 Rec8 31.Qg5 Nf6 32.h3 Bh5 33.Bb2 R3c6 34.f3 Bg6 35.
h4 Kf7 36.Ba3 Re8 37.Rxe8 Kxe8 38.g4 Re6 39.h5 Bd3 40.Qd2 Bb5 41.Qxc2 Re1+
42.Kf2 Rf1+ 43.Kg2 1-0

[Event "40th World U20 ch"]
[Site "Peristeri GRE"]
[Date "2001.08.23"]
[Round "7.7"]
[White "Acs, Peter"]
[Black "Khamzin, Olzhas"]
[Result "1-0"]
[WhiteElo "2514"]
[BlackElo "2223"]
[EventDate "2001.08.16"]
[PlyCount "79"]

1.e4 c5 2.Nf3 d6 3.d4 cxd4 4.Nxd4 Nf6 5.Nc3 a6 6.Be3 e5 7.Nb3 Be6 8.Qd2 
Nbd7 9.f3 h5 10.Nd5 Bxd5 11.exd5 Rc8 12.c4 Be7 13.Be2 h4 14.Na5 Qc7 15.b4 
Nh5 16.O-O Nf4 17.Rfd1 Qb8 18.Rac1 O-O 19.Bf1 Bd8 20.Nb3 Nf6 21.g3 hxg3 
22.hxg3 Ng6 23.Bh3 Rc7 24.c5 Ne7 25.Bg5 Nexd5 26.Bxf6 Nxf6 27.Qxd6 Re8 28.
Kh2 Be7 29.Qd3 Nh5 30.Bg4 Nf6 31.Bf5 Bf8 32.Qc4 Rce7 33.Qh4 g6 34.Qxf6 
gxf5 35.Rc4 e4 36.fxe4 fxe4 37.Rd5 Re5 38.Rxe4 Bg7 39.Rg4 Re2+ 40.Kh3 1-0

[Event "40th World U20 ch"]
[Site "Peristeri GRE"]
[Date "2001.08.23"]
[Round "7.8"]
[White "Panchanathan, Magesh Chandran"]
[Black "Roiz, Michael"]
[Result "1/2-1/2"]
[WhiteElo "2339"]
[BlackElo "2511"]
[EventDate "2001.08.16"]
[PlyCount "90"]

1.e4 c5 2.Nf3 Nc6 3.d4 cxd4 4.Nxd4 Nf6 5.Nc3 e5 6.Ndb5 d6 7.Bg5 a6 8.Na3 
b5 9.Nd5 Be7 10.Bxf6 Bxf6 11.c3 Bb7 12.Nc2 Nb8 13.a4 bxa4 14.Nce3 Bg5 15.
Nc4 O-O 16.Be2 a5 17.O-O Bc6 18.Ncb6 Ra7 19.Nxa4 Nd7 20.Bc4 Rb7 21.Qe2 Kh8
22.Rfd1 g6 23.b4 Rb8 24.b5 Ba8 25.Rab1 f5 26.f3 Bh6 27.Rb2 Qh4 28.b6 fxe4 
29.fxe4 Bc6 30.Bb3 Bxd5 31.Bxd5 Nf6 32.g3 Qh3 33.Qg2 Qd7 34.Ra1 Ng4 35.Kh1
Ne3 36.Qe2 Nxd5 37.exd5 e4 38.Qxe4 Rbe8 39.Qg2 Be3 40.Re2 Qb5 41.h3 Re5 
42.Rae1 Qxa4 43.Rxe3 Rxe3 44.Rxe3 Qb3 45.Qe2 Qxb6 1/2-1/2

[Event "40th World U20 ch"]
[Site "Peristeri GRE"]
[Date "2001.08.23"]
[Round "7.11"]
[White "Kapnisis, Spyridon"]
[Black "Simutowe, Amon"]
[Result "1/2-1/2"]
[WhiteElo "2373"]
[BlackElo "2462"]
[EventDate "2001.08.16"]
[PlyCount "170"]

1.e4 c5 2.Nf3 d6 3.d4 cxd4 4.Nxd4 Nf6 5.Nc3 a6 6.Be3 e6 7.f3 b5 8.Qd2 Nbd7
9.g4 Nb6 10.Qf2 Nfd7 11.f4 Bb7 12.f5 Be7 13.fxe6 O-O 14.O-O-O b4 15.exd7 
bxc3 16.b3 Bxe4 17.Bg2 Bh4 18.Qe2 Bxg2 19.Qxg2 Bg5 20.Qg3 Nc4 21.Bxg5 
Qxg5+ 22.Kb1 Na3+ 23.Ka1 Qc5 24.Qd3 a5 25.Ne2 Nb5 26.Qc4 Qb4 27.Qxb4 axb4 
28.Rd5 Na3 29.Nd4 Ra7 30.Rxd6 Rd8 31.Re1 Kf8 32.Nc6 Raxd7 33.Rxd7 Rxd7 34.
Nxb4 Rd4 35.Nc6 Rd6 36.Nb4 Rd4 37.Nc6 Rxg4 38.Rd1 g5 39.Ne5 Nxc2+ 40.Kb1 
Na3+ 41.Ka1 Re4 42.Nd7+ Kg7 43.Nc5 Re2 44.Na4 Rc2 45.Nxc3 Rxh2 46.Rd5 h6 
47.Ra5 Nc2+ 48.Kb1 g4 49.Ne4 Nb4 50.Ng3 Nd3 51.Ra6 h5 52.Nf5+ Kg8 53.Rd6 
Rh1+ 54.Kc2 Nb4+ 55.Kd2 Nxa2 56.Ke3 Rf1 57.Ke4 Rf3 58.Rd8+ Kh7 59.Rd7 Rxb3
60.Kf4 Kg6 61.Nh4+ Kf6 62.Rd6+ Ke7 63.Nf5+ Ke8 64.Ng7+ Ke7 65.Nf5+ Ke8 66.
Ng7+ Kf8 67.Nf5 Rf3+ 68.Kg5 Ke8 69.Ra6 Nc3 70.Ra8+ Kd7 71.Ra7+ Kd8 72.Ra8+
Kc7 73.Ra7+ Kb6 74.Rxf7 Rh3 75.Rh7 Ne4+ 76.Kf4 Nc5 77.Rh6+ Kb5 78.Kg5 Ne4+
79.Kf4 Nd2 80.Ng3 h4 81.Kxg4 Rxg3+ 82.Kf4 Rf3+ 83.Kg4 Rg3+ 84.Kf4 Kc4 85.
Rxh4 Rg8 {...} 1/2-1/2

[Event "40th World U20 ch"]
[Site "Peristeri GRE"]
[Date "2001.08.23"]
[Round "7.12"]
[White "Kristjansson, Stefan"]
[Black "Bunzmann, Dimitrij"]
[Result "1/2-1/2"]
[WhiteElo "2380"]
[BlackElo "2509"]
[EventDate "2001.08.16"]
[PlyCount "57"]

1.d4 e6 2.c4 b6 3.a3 Bb7 4.Nc3 f5 5.d5 Nf6 6.g3 b5 7.Qb3 Na6 8.Bg2 Nc5 9.
Qa2 exd5 10.Nxd5 Nce4 11.Bf4 Nxd5 12.cxd5 Qf6 13.Nh3 Bc5 14.Rc1 d6 15.f3 
g5 16.fxe4 gxf4 17.Nxf4 fxe4 18.Rf1 O-O 19.Bxe4 Be3 20.Rxc7 Rfc8 21.Bxh7+ 
Kh8 22.Ng6+ Qxg6 23.Rf8+ Rxf8 24.Bxg6 Rac8 25.Rxc8 Rxc8 26.Kf1 Rf8+ 27.Ke1
Rc8 28.Kf1 Rf8+ 29.Ke1 1/2-1/2

[Event "40th World U20 ch"]
[Site "Peristeri GRE"]
[Date "2001.08.23"]
[Round "7.13"]
[White "Izoria, Zviad"]
[Black "Zhao, Zong Yuan"]
[Result "1-0"]
[WhiteElo "2487"]
[BlackElo "2359"]
[EventDate "2001.08.16"]
[PlyCount "97"]

1.Nf3 d5 2.d4 c6 3.c4 e6 4.Qc2 Nf6 5.e3 Nbd7 6.Nc3 Bd6 7.Bd3 O-O 8.Bd2 Qe7
9.O-O e5 10.cxd5 cxd5 11.e4 exd4 12.Nxd5 Nxd5 13.exd5 Ne5 14.Nxe5 Qxe5 15.
Bxh7+ Kh8 16.f4 Qxd5 17.Be4 Qh5 18.Rae1 Be6 19.Bxb7 Rab8 20.Bf3 Qb5 21.b3 
Rfc8 22.Qd1 Rc5 23.Be4 Kg8 24.Qf3 Bf5 25.Bxf5 Rxf5 26.Re4 Bf8 27.Rfe1 Rd8 
28.a4 Qb8 29.Qd3 Rfd5 30.b4 Qc7 31.b5 Qd7 32.Re5 g6 33.h3 Rc8 34.a5 Rxe5 
35.Rxe5 Bg7 36.Re1 Qb7 37.f5 gxf5 38.Qxf5 Rd8 39.Bg5 f6 40.Qe6+ Qf7 41.Bf4
Qxe6 42.Rxe6 d3 43.b6 Kf7 44.Re1 axb6 45.axb6 Bf8 46.b7 Bc5+ 47.Kf1 d2 48.
Rd1 Ba7 49.Rxd2 1-0

[Event "40th World U20 ch"]
[Site "Peristeri GRE"]
[Date "2001.08.23"]
[Round "7.15"]
[White "Papp, Gabor"]
[Black "Karttunen, Mika"]
[Result "1-0"]
[WhiteElo "2291"]
[BlackElo "2466"]
[EventDate "2001.08.16"]
[PlyCount "120"]

1.e4 c6 2.Nf3 d5 3.Nc3 dxe4 4.Nxe4 Nf6 5.Nxf6+ gxf6 6.g3 Bg4 7.Bg2 Qd7 8.
d4 Bh3 9.Bxh3 Qxh3 10.Qe2 Na6 11.Bf4 O-O-O 12.c3 Nc7 13.O-O-O Bh6 14.Bxh6 
Qxh6+ 15.Kb1 Rd7 16.Nh4 e6 17.f4 f5 18.Nf3 f6 19.Rd3 Rhd8 20.Rhd1 Qf8 21.
Nh4 Qd6 22.c4 b5 23.Rc3 Kb8 24.Nf3 Ka8 25.Rd2 Rb8 26.d5 cxd5 27.c5 Qf8 28.
Nd4 b4 29.Re3 Qxc5 30.Nxe6 Nxe6 31.Rxe6 b3 32.axb3 Rdb7 33.Re3 d4 34.Red3 
Rd7 35.Qf3+ Rbb7 36.Rc2 Qf8 37.Rc4 Kb8 38.Rcxd4 Rxd4 39.Rxd4 Qe7 40.Qd5 
Qe1+ 41.Ka2 Qe7 42.Qd8+ Qxd8 43.Rxd8+ Kc7 44.Rd5 Kc6 45.Rxf5 Rf7 46.b4 Kd6
47.Kb3 Ke6 48.Rc5 Rd7 49.f5+ Kd6 50.Kc4 Rg7 51.Rd5+ Kc6 52.b5+ Kc7 53.Rd4 
Rg5 54.Rf4 Kd6 55.Kd4 h5 56.b3 Kc7 57.Kc5 Rg7 58.Re4 Rg5 59.Re7+ Kb8 60.
Kc6 Ka8 1-0

[Event "40th World U20 ch"]
[Site "Peristeri GRE"]
[Date "2001.08.23"]
[Round "7.16"]
[White "Bakre, Tejas"]
[Black "Erturan, Yakup"]
[Result "1-0"]
[WhiteElo "2463"]
[BlackElo "2211"]
[EventDate "2001.08.16"]
[PlyCount "69"]

1.c4 c5 2.Nc3 Nc6 3.g3 Nf6 4.Bg2 e6 5.Nf3 d5 6.cxd5 Nxd5 7.O-O Nc7 8.b3 e5
9.Ne1 Nb4 10.a3 Nbd5 11.Bb2 Nf6 12.Nd3 Bd6 13.Na4 Qe7 14.Qc1 Nd7 15.b4 
cxb4 16.axb4 Ne6 17.Nc3 Nd4 18.Qd1 Nb6 19.e3 Nc6 20.Na4 Nxa4 21.Qxa4 O-O 
22.b5 Nd8 23.f4 exf4 24.Nxf4 Bxf4 25.Rxf4 Qg5 26.b6 Ne6 27.Rg4 Bd7 28.Qb4 
a5 29.Qd4 Nxd4 30.Rxg5 Nf5 31.g4 f6 32.Rxf5 Bxf5 33.gxf5 Ra6 34.Bd4 Rb8 
35.Ra4 1-0

[Event "40th World U20 ch"]
[Site "Peristeri GRE"]
[Date "2001.08.23"]
[Round "7.17"]
[White "Cernousek, Lukas"]
[Black "Sedlak, Nikola"]
[Result "1-0"]
[WhiteElo "2262"]
[BlackElo "2457"]
[EventDate "2001.08.16"]
[PlyCount "89"]

1.e4 c5 2.Nf3 d6 3.d4 cxd4 4.Nxd4 Nf6 5.Nc3 Nc6 6.Bc4 Qb6 7.Nb3 e6 8.Bd3 
a6 9.a4 Qc7 10.Be3 b6 11.O-O Be7 12.f4 Bb7 13.Nd2 Na5 14.b4 Nc6 15.b5 Na5 
16.bxa6 Bxa6 17.Nb5 Qd8 18.Nc4 Nxc4 19.Bxc4 O-O 20.e5 Bxb5 21.axb5 Rxa1 
22.Qxa1 dxe5 23.fxe5 Ng4 24.Bd4 Qc7 25.Be2 Nh6 26.Bd3 Bc5 27.Kh1 Ng4 28.
Qc3 Rc8 29.Rf4 f5 30.Qc4 Qf7 31.h3 Nh6 32.Qa2 g5 33.Bxc5 gxf4 34.Bxb6 f3 
35.gxf3 Kh8 36.Kh2 Rg8 37.Bf2 Qg7 38.Bf1 Qxe5+ 39.Kh1 Rd8 40.b6 Nf7 41.b7 
Ng5 42.Qa8 Qc7 43.Bg3 Qxg3 44.Qxd8+ Kg7 45.b8=Q 1-0

[Event "40th World U20 ch"]
[Site "Peristeri GRE"]
[Date "2001.08.23"]
[Round "7.18"]
[White "Mastrovasilis, Dimitrios"]
[Black "Zambrana, Oswaldo"]
[Result "1/2-1/2"]
[WhiteElo "2436"]
[BlackElo "2301"]
[EventDate "2001.08.16"]
[PlyCount "67"]

1.e4 c5 2.Nf3 Nc6 3.d4 cxd4 4.Nxd4 Nf6 5.Nc3 e5 6.Ndb5 d6 7.Bg5 a6 8.Na3 
b5 9.Bxf6 gxf6 10.Nd5 Bg7 11.Bd3 Ne7 12.Nxe7 Qxe7 13.c3 f5 14.Nc2 O-O 15.
Qh5 d5 16.exf5 e4 17.Be2 Bb7 18.O-O b4 19.Ne3 bxc3 20.bxc3 Bxc3 21.Rab1 
Rab8 22.Rb6 f6 23.Rfb1 Be5 24.Bd1 Bc6 25.Rxb8 Rxb8 26.Rxb8+ Bxb8 27.Bb3 
Qe5 28.g3 Ba7 29.Ng4 Qe7 30.Qh6 Bd4 31.Qd2 Qc5 32.Qf4 Qe7 33.Qd2 Qc5 34.
Qf4 1/2-1/2

[Event "40th World U20 ch"]
[Site "Peristeri GRE"]
[Date "2001.08.23"]
[Round "7.19"]
[White "Du Shan"]
[Black "Alvarez Marquez, Johann"]
[Result "1/2-1/2"]
[WhiteElo "2352"]
[BlackElo "2382"]
[EventDate "2001.08.16"]
[PlyCount "112"]

1.e4 c5 2.c4 Nc6 3.Nc3 g6 4.g3 Bg7 5.Bg2 e6 6.Nge2 d6 7.d3 Nge7 8.O-O O-O 
9.Rb1 Rb8 10.a3 a6 11.b4 cxb4 12.axb4 b5 13.cxb5 axb5 14.d4 d5 15.e5 f6 
16.exf6 Bxf6 17.g4 Qb6 18.Be3 Bd7 19.Qd3 Rb7 20.Rfd1 Ra8 21.Rb3 Be8 22.Qd2
Bf7 23.Nf4 Kh8 24.Nce2 Rba7 25.Kh1 Nc8 26.Nd3 Ra2 27.Rb2 Qa6 28.Rxa2 Qxa2 
29.Qxa2 Rxa2 30.Nc3 Ra3 31.Nxb5 Rb3 32.Bf1 g5 33.Rc1 N8e7 34.Nd6 Bg6 35.
Nc5 Rxb4 36.Nxe6 h6 37.Nf8 Bb1 38.Nd7 Bxd4 39.Bxd4+ Nxd4 40.Bg2 Bc2 41.Re1
Rb1 42.Rxb1 Bxb1 43.Nb6 Ba2 44.h4 Kg7 45.hxg5 hxg5 46.Ne8+ Kf7 47.Nc7 Kf6 
48.Ncxd5+ Nxd5 49.Bxd5 Bxd5+ 50.Nxd5+ Ke5 51.Ne3 Kf4 52.Kg2 Nf3 53.Kh3 Ne5
54.Nd5+ Kf3 55.Nf6 Kxf2 56.Ne4+ Ke3 1/2-1/2

[Event "40th World U20 ch"]
[Site "Peristeri GRE"]
[Date "2001.08.23"]
[Round "7.22"]
[White "Berkvens, Joost"]
[Black "Rathnakaran, Kantholi"]
[Result "1/2-1/2"]
[WhiteElo "2444"]
[BlackElo "2258"]
[EventDate "2001.08.16"]
[PlyCount "107"]

1.d4 Nf6 2.c4 c5 3.d5 e6 4.Nc3 exd5 5.cxd5 d6 6.e4 g6 7.f4 Bg7 8.Bb5+ Nfd7
9.a4 Qh4+ 10.g3 Qe7 11.Nf3 O-O 12.O-O Na6 13.Re1 Nc7 14.Bf1 a6 15.Be3 Rb8 
16.e5 b5 17.Ne4 Ne8 18.axb5 axb5 19.Ra7 Rb7 20.Rxb7 Bxb7 21.Bxb5 dxe5 22.
d6 Qd8 23.Nxc5 Nxc5 24.Bxc5 Nxd6 25.Qxd6 Bxf3 26.fxe5 Qa5 27.Rf1 Qxb5 28.
Rxf3 Rc8 29.Bd4 h5 30.Bc3 Rxc3 31.bxc3 Bxe5 32.Qe7 f6 33.Qd8+ Kg7 34.Qd3 
Qc5+ 35.Kf1 Qc8 36.Qd2 Qc6 37.Kf2 g5 38.Qd3 g4 39.Rf5 Qxc3 40.Qxc3 Bxc3 
41.Rxh5 Bd4+ 42.Ke2 Be5 43.Rf5 Kg6 44.Rf1 f5 45.Kd3 Kg5 46.Rb1 f4 47.Rb5 
Kf6 48.gxf4 Bxf4 49.Rb2 Kf5 50.Rf2 Kg5 51.Ke4 Bb8 52.Rb2 Bc7 53.Rc2 Bb8 
54.Rg2 1/2-1/2

[Event "40th World U20 ch"]
[Site "Peristeri GRE"]
[Date "2001.08.23"]
[Round "7.25"]
[White "Hersvik, Daniel"]
[Black "Torfinnsson, Bragi"]
[Result "1-0"]
[WhiteElo "2241"]
[BlackElo "2371"]
[EventDate "2001.08.16"]
[PlyCount "47"]

1.e4 c5 2.Nf3 d6 3.d4 cxd4 4.Nxd4 Nf6 5.Nc3 Nc6 6.Bc4 e6 7.Be3 Be7 8.Qe2 
O-O 9.O-O-O a6 10.Rhg1 Qc7 11.g4 Na5 12.Bd3 Nd7 13.g5 Nc5 14.Qh5 Rd8 15.
Rg3 g6 16.Qh6 Bf8 17.Qh4 b5 18.Rh3 h5 19.gxh6 Kh7 20.Bg5 Bb7 21.Nf3 e5 22.
Bf6 Ne6 23.Nd5 Qd7 24.Qg4 1-0

[Event "40th World U20 ch"]
[Site "Peristeri GRE"]
[Date "2001.08.23"]
[Round "7.27"]
[White "Krivousas, Tomas"]
[Black "Venkatesh, Marani Rajendran"]
[Result "0-1"]
[WhiteElo "2204"]
[BlackElo "2356"]
[EventDate "2001.08.16"]
[PlyCount "88"]

1.d4 Nf6 2.c4 e6 3.Nf3 b6 4.Nc3 Bb7 5.a3 d5 6.cxd5 Nxd5 7.Qc2 Be7 8.e3 O-O
9.Be2 c5 10.dxc5 bxc5 11.O-O Nd7 12.Rd1 Qc8 13.Nxd5 exd5 14.b3 Nf6 15.Bb2 
Ne4 16.Rac1 Qe6 17.Ne1 Rac8 18.Bf3 f5 19.Qb1 Bg5 20.Rc2 Rf7 21.b4 c4 22.
Bd4 Bc6 23.Re2 Ba4 24.Rc1 Rfc7 25.g3 c3 26.Qa1 Bf6 27.Nd3 Nd2 28.Bg2 Bxd4 
29.Nf4 Qe5 30.exd4 Qxd4 31.Ne6 Qc4 32.Rxd2 cxd2 33.Rxc4 dxc4 34.Bf3 c3 35.
Nd4 Rd8 36.Nc2 Kh8 37.Bd1 Re8 38.Kf1 Bb5+ 39.Kg2 Re1 40.Nd4 Ba4 41.Qa2 
Bxd1 42.Qd5 Rc8 43.Qxf5 Rg8 44.Qd3 Ba4 0-1